[Event "Beer Sheva ISR, World Team Ch"]
[Site "?"]
[Date "2005.11.03"]
[Round "3"]
[White "Aronian Levon"]
[Black "Ivanchuk Vassily"]
[Result "1-0"]
[WhiteElo "2724"]
[BlackElo "2748"]
[PlyCount "109"]
[EventDate "2005.??.??"]
[Source "www.chesslib.no"]
[SourceDate "2004.05.04"]

1. d4 Nf6 2. c4 g6 3. Nf3 Bg7 4. g3 O-O 5. Bg2 d6 6. O-O Nbd7 7. Nc3 e5 8. h3 exd4 9. Nxd4 Nb6 10. b3 d5 11. c5 Ne4 12. Bb2 Nxc5 13. Ba3 Ne6 14. Nxe6 Bxe6 15. Bxf8 Qxf8 16. Rc1 c6 17. e4 Bxc3 18. exd5 Nxd5 19. Bxd5 Bxh3 20. Bg2 Rd8 21. Qf3 Bxg2 22. Kxg2 Bd2 23. Rc2 Rd4 24. Rd1 Qd6 25. Rc4 Rd5 26. Re4 Kg7 27. b4 Bg5 28. Rxd5 Qxd5 29. Re2 Qd7 30. Qc3+ Bf6 31. Qd2 Qc7 32. Re8 c5 33. b5 a6 34. a4 axb5 35. axb5 h5 36. Qd5 Qb6 37. Qd7 Bd4 38. Rb8 Qf6 39. f4 b6 40. Qd8 Qxd8 41. Rxd8 Be3 42. Kf3 Bg1 43. Rc8 c4 44. Rxc4 Kf6 45. Rc1 Bd4 46. Ke4 Bf2 47. Rc2 Bg1 48. Rc6+ Ke7 49. f5 gxf5+ 50. Kxf5 Bf2 51. Kf4 h4 52. gxh4 Bxh4 53. Rxb6 Bf2 54. Rc6 Kd7 55. Ke5 1-0

[Event "Tilburg NED"]
[Site "Tilburg NED"]
[Date "1991.??.??"]
[Round "1"]
[White "Timman, Jan Hein"]
[Black "Kasparov, Gary"]
[Result "0-1"]
[WhiteElo "2630"]
[BlackElo "2800"]
[PlyCount "29"]
[EventDate "1991.??.??"]
[Source "www.chesslib.no"]
[SourceDate "2004.05.04"]

1. d4 Nf6 2. c4 g6 3. Nf3 Bg7 4. g3 O-O 5. Bg2 d6 6. O-O Nbd7 7. Nc3 e5 8. Qc2 c6 9. Rd1 Qe7 10. b3 exd4 11. Nxd4 Re8 12. Bb2 Nc5 13. e3 a5 14. a3 h5 15. Ne6 0-1

[Event "Bruxelles (m/9)"]
[Site "?"]
[Date "1991.??.??"]
[Round "?"]
[White "Ivanchuk, V."]
[Black "Yusupov, A."]
[Result "0-1"]
[WhiteElo "2735"]
[BlackElo "2625"]
[PlyCount "78"]
[EventDate "1991.??.??"]
[Source "ChessBase"]
[SourceDate "1991.06.01"]

1. c4 e5 2. g3 d6 3. Bg2 g6 4. d4 Nd7 5. Nc3 Bg7 6. Nf3 Ngf6 7. O-O O-O 8. Qc2 Re8 9. Rd1 c6 10. b3 Qe7 11. Ba3 e4 12. Ng5 e3 13. f4 Nf8 14. b4 Bf5 15. Qb3 h6 16. Nf3 Ng4 17. b5 g5 18. bxc6 bxc6 19. Ne5 gxf4 20. Nxc6 Qg5 21. Bxd6 Ng6 22. Nd5 Qh5 23. h4 Nxh4 24. gxh4 Qxh4 25. Nde7+ Kh8 26. Nxf5 Qh2+ 27. Kf1 Re6 28. Qb7 Rg6 29. Qxa8+ Kh7 30. Qg8+ Kxg8 31. Nce7+ Kh7 32. Nxg6 fxg6 33. Nxg7 Nf2 34. Bxf4 Qxf4 35. Ne6 Qh2 36. Rdb1 Nh3 37. Rb7+ Kg8 38. Rb8+ Qxb8 39. Bxh3 Qg3 0-1

[Event "Amsterdam m1"]
[Site "?"]
[Date "2005.07.24"]
[Round "9"]
[White "Akopian Vladimir"]
[Black "Avrukh Boris"]
[Result "1/2-1/2"]
[WhiteElo "2705"]
[BlackElo "2652"]
[PlyCount "138"]
[EventDate "2005.??.??"]
[Source "www.chesslib.no"]
[SourceDate "2004.05.04"]

1. d4 Nf6 2. c4 g6 3. g3 Bg7 4. Bg2 d6 5. Nc3 O-O 6. Nf3 Nbd7 7. O-O e5 8. h3 exd4 9. Nxd4 Nb6 10. b3 d5 11. c5 Nbd7 12. c6 Ne5 13. cxb7 Bxb7 14. Ba3 Re8 15. Rc1 Rc8 16. Na4 Ne4 17. Nc5 Nxc5 18. Bxc5 Nd7 19. e3 Nxc5 20. Rxc5 Bf8 21. Rc2 c6 22. Qc1 Qb6 23. Rd1 Bh6 24. b4 Bf8 25. Rb2 Ba6 26. Qc3 Bc4 27. Bf1 c5 28. bxc5 Qxc5 29. Bxc4 dxc4 30. Rb5 Qd6 31. Rd2 Bg7 32. Rb4 Qd5 33. Rc2 Bxd4 34. Qxd4 Qf3 35. Qg4 Qxg4 36. hxg4 Re4 37. Kg2 Rxg4 38. f4 h5 39. Kf3 c3 40. Rb3 g5 41. Rbxc3 Rxc3 42. Rxc3 gxf4 43. exf4 Rg6 44. Ra3 a6 45. Ra5 Rh6 46. a4 Kf8 47. Rc5 Kg7 48. a5 h4 49. gxh4 Rxh4 50. Rc6 Rh6 51. Rb6 Re6 52. Kg4 Kf8 53. f5 Re5 54. Rxa6 Kg7 55. f6+ Kg6 56. Kf4 Rf5+ 57. Ke4 Kg5 58. Kd4 Rf4+ 59. Kc5 Rf5+ 60. Kb6 Rxf6+ 61. Kb7 Rf5 62. Ra8 Rf1 63. a6 Rb1+ 64. Ka7 f5 65. Rb8 Ra1 66. Rb5 Kg4 67. Kb6 f4 68. a7 Rxa7 69. Kxa7 f3 1/2-1/2

[Event "Magistral"]
[Site "Pamplona ESP"]
[Date "2007.12.29"]
[Round "7"]
[White "Sargissian, G."]
[Black "Jobava, Ba"]
[Result "1/2-1/2"]
[WhiteElo "2673"]
[BlackElo "2644"]
[PlyCount "117"]
[EventDate "2007.12.22"]
[Source "www.chesslib.no"]
[SourceDate "2004.05.04"]

1. Nf3 Nf6 2. c4 g6 3. d4 Bg7 4. g3 O-O 5. Bg2 d6 6. Nc3 Nbd7 7. O-O e5 8. h3 a6 9. dxe5 dxe5 10. Be3 c6 11. b4 Qe7 12. Qb3 Ne8 13. c5 Ndf6 14. Rad1 Nc7 15. a3 h6 16. Bc1 Be6 17. Qc2 Ncd5 18. Bb2 Nxc3 19. Bxc3 e4 20. Nd2 Rfd8 21. Bxf6 Qxf6 22. Nxe4 Qb2 23. Qxb2 Bxb2 24. a4 Ba3 25. Nd6 Rab8 26. a5 Bxb4 27. Rb1 Ba3 28. Nxb7 Rd2 29. Bxc6 Bxh3 30. Rfd1 Rxd1+ 31. Rxd1 Rc8 32. Rd6 Be6 33. Be4 Bc4 34. c6 Bxe2 35. Rd2 Bb5 36. Rc2 Rc7 37. Bd5 Be7 38. Kg2 Kf8 39. f4 Ba4 40. Rc1 g5 41. Kf3 h5 42. Nc5 Bxc5 43. Rxc5 Ke7 44. Be4 gxf4 45. Kxf4 Kd6 46. Rd5+ Kxc6 47. Rxh5+ Kd7 48. Bd3 Rc6 49. Ke3 Rd6 50. Bc4 Rg6 51. Kf4 Bc2 52. g4 Rc6 53. Bd5 Rd6 54. Bf3 Bd1 55. Be4 Rd4 56. Rd5+ Rxd5 57. Bxd5 Kd6 58. Bc4 Bxg4 59. Kxg4 1/2-1/2

[Event "It (Open) INT"]
[Site "?"]
[Date "2006.05.06"]
[Round "?"]
[White "Metljahin Dmitrij"]
[Black "Moskvin Vladimir"]
[Result "1-0"]
[WhiteElo "2617"]
[BlackElo "2691"]
[PlyCount "69"]
[EventDate "2006.??.??"]
[Source "www.chesslib.no"]
[SourceDate "2004.05.04"]

1. Nf3 g6 2. c4 Bg7 3. g3 d6 4. d4 Nd7 5. Bg2 e5 6. Nc3 exd4 7. Nxd4 Ngf6 8. O-O O-O 9. Qc2 c6 10. Rd1 Re8 11. e4 a5 12. h3 Qb6 13. Be3 Qc7 14. Rd2 Nc5 15. Rad1 a4 16. Nde2 Bf8 17. Kh2 Be6 18. b4 axb3 19. axb3 Ra3 20. Nd4 Bc8 21. f4 h5 22. Bf2 Ra8 23. b4 Ne6 24. f5 Ng7 25. Re1 h4 26. Bf3 Nfh5 27. fxg6 hxg3+ 28. Bxg3 fxg6 29. Bxh5 Nxh5 30. e5 Nxg3 31. Qxg6+ Qg7 32. Qxe8 Qh6 33. Rg2 Qxh3+ 34. Kg1 Qg4 35. Nde2 1-0

[Event "RUS"]
[Site "?"]
[Date "2006.04.26"]
[Round "7"]
[White "Tkachiev Vladislav"]
[Black "Korotylev Alexey"]
[Result "1/2-1/2"]
[WhiteElo "2643"]
[BlackElo "2618"]
[PlyCount "57"]
[EventDate "2006.??.??"]
[Source "www.chesslib.no"]
[SourceDate "2004.05.04"]

1. d4 Nf6 2. c4 g6 3. g3 Bg7 4. Nf3 O-O 5. Bg2 d6 6. O-O Nbd7 7. Nc3 e5 8. h3 a6 9. e4 exd4 10. Nxd4 Re8 11. Re1 Rb8 12. Rb1 Ne5 13. b3 c5 14. Nc2 b5 15. cxb5 axb5 16. f4 Ned7 17. b4 Qc7 18. Ne3 cxb4 19. Ned5 Nxd5 20. Nxd5 Qc4 21. Bb2 Bb7 22. Bxg7 Kxg7 23. Rxb4 Qc5+ 24. Qd4+ Qxd4+ 25. Rxd4 Rbc8 26. Bf1 Rc5 27. Bxb5 Bxd5 28. Bxd7 Re7 29. Ba4 1/2-1/2

[Event "HUN-chT 9798"]
[Site "Hungary"]
[Date "1998.??.??"]
[Round "?"]
[White "Ribli, Zoltan"]
[Black "Beliavsky, Alexander G"]
[Result "1-0"]
[WhiteElo "2585"]
[BlackElo "2665"]
[PlyCount "125"]
[EventDate "1997.??.??"]
[Source "www.chesslib.no"]
[SourceDate "2004.05.04"]

1. Nf3 Nf6 2. c4 g6 3. g3 Bg7 4. Bg2 O-O 5. O-O d6 6. Nc3 e5 7. d4 Nbd7 8. h3 a6 9. dxe5 dxe5 10. Be3 c6 11. Qb3 Qe7 12. Rfd1 Ne8 13. c5 Nc7 14. Rac1 Kh8 15. Ne4 f5 16. Bg5 Qe6 17. Nd6 e4 18. Nxc8 Raxc8 19. Nd4 Qxb3 20. axb3 Rf7 21. Bf4 Nd5 22. e3 Re8 23. Bf1 Bf8 24. b4 Nxb4 25. Bc4 Nd5 26. Bxd5 cxd5 27. b4 h6 28. c6 bxc6 29. Rxc6 g5 30. Bc7 Kh7 31. Ra1 Nb8 32. Bxb8 Rxb8 33. Raxa6 Rxb4 34. Ne6 Be7 35. Nc7 Bf8 36. Nxd5 Rbb7 37. Nf6+ Kh8 38. Ra5 f4 39. gxf4 gxf4 40. exf4 Rb2 41. Kf1 Rb3 42. Kg2 e3 43. fxe3 Rxe3 44. Ng4 Rb3 45. Ne5 Rg7+ 46. Kf1 Kh7 47. Ra8 Be7 48. Rcc8 Rgg3 49. Rh8+ Kg7 50. Rhe8 Bc5 51. Rg8+ Kh7 52. Rh8+ Kg7 53. Rag8+ Kf6 54. Nd7+ Kf5 55. Nxc5 Rbf3+ 56. Ke2 Re3+ 57. Kd2 Kxf4 58. Rxg3 Rxg3 59. Rxh6 Ra3 60. Nd3+ Kg3 61. Ke3 Ra8 62. Ne5 Ra3+ 63. Ke4 1-0

[Event "Jerusalem"]
[Site "?"]
[Date "1997.??.??"]
[Round "?"]
[White "Khalifman, A."]
[Black "Sutovsky, E."]
[Result "1-0"]
[WhiteElo "2655"]
[BlackElo "2590"]
[PlyCount "79"]
[EventDate "1997.??.??"]
[Source "ChessBase"]
[SourceDate "1997.06.01"]

1. d4 Nf6 2. Nf3 g6 3. c4 Bg7 4. g3 O-O 5. Bg2 d6 6. O-O Nbd7 7. Nc3 e5 8. h3 exd4 9. Nxd4 Nb6 10. b3 c5 11. Nc2 Be6 12. e4 Qd7 13. Kh2 Ng4+ 14. hxg4 Bxc3 15. Bh6 Bxg4 16. f3 Be6 17. Bxf8 Bxa1 18. Bxd6 Rd8 19. Qxa1 Qxd6 20. Ne3 Qd4 21. Qc1 Qd2 22. Nd5 Qxc1 23. Rxc1 f5 24. exf5 Nxd5 25. fxe6 Ne3 26. Re1 Nxg2 27. Kxg2 Re8 28. Re5 b6 29. g4 Kg7 30. g5 h6 31. gxh6+ Kxh6 32. e7 Kg7 33. Kg3 Kf7 34. Kf4 Rh8 35. e8=Q+ Rxe8 36. Rxe8 Kxe8 37. Ke5 Ke7 38. a3 Kf7 39. a4 Ke7 40. a5 1-0

[Event "Groningen PCA"]
[Site "Groningen"]
[Date "1993.??.??"]
[Round "8"]
[White "Georgiev, Kiril"]
[Black "Van Wely, Loek"]
[Result "1/2-1/2"]
[WhiteElo "2660"]
[BlackElo "2585"]
[PlyCount "138"]
[EventDate "1993.12.??"]
[Source "ChessBase"]

1. d4 Nf6 2. c4 g6 3. g3 Bg7 4. Bg2 O-O 5. Nc3 d6 6. Nf3 Nbd7 7. O-O e5 8. h3 exd4 9. Nxd4 Re8 10. e4 a6 11. Bg5 h6 12. Be3 Rb8 13. Qc1 Kh7 14. Rd1 Qe7 15. Nd5 Nxd5 16. exd5 Qf6 17. b4 Ne5 18. a4 Bd7 19. Ra3 g5 20. c5 b5 21. Qc2+ Kg8 22. c6 Bc8 23. axb5 axb5 24. Bc1 Nc4 25. Ra7 Qg6 26. Qxg6 fxg6 27. Ne6 Bxe6 28. dxe6 Rec8 29. e7 Kf7 30. Re1 Bc3 31. e8=Q+ Rxe8 32. Rxc7+ Kf6 33. Rd1 Bxb4 34. Bd5 Re7 35. Rb7 Rexb7 36. cxb7 Ke7 37. h4 gxh4 38. gxh4 Kd7 39. Bxh6 Nb6 40. Be4 d5 41. Bxg6 Bc3 42. Bg5 b4 43. h5 Rxb7 44. h6 Bh8 45. f4 b3 46. f5 Nc4 47. f6 Ke6 48. Re1+ Ne5 49. h7 Rb8 50. f7 b2 51. Bf4 b1=Q 52. Bxb1 Kxf7 53. Rf1 Rxb1 54. Rxb1 Kg6 55. Rb7 Bg7 56. Kg2 Nd3 57. Bd6 Kxh7 58. Re7 Kg6 59. Re3 Nb2 60. Rg3+ Kf7 61. Rg5 Nc4 62. Bg3 Bf6 63. Rh5 Ke6 64. Kf3 Ne5+ 65. Ke3 Nc4+ 66. Kd3 Ne5+ 67. Kd4 Nd7+ 68. Ke3 Ne5 69. Rh1 Nc4+ 1/2-1/2

[Event "Cup Russia"]
[Site "Serpukhov RUS"]
[Date "2007.11.07"]
[Round "2.1"]
[White "Savchenko, B."]
[Black "Amonatov, F."]
[Result "1-0"]
[WhiteElo "2583"]
[BlackElo "2637"]
[PlyCount "93"]
[EventDate "2007.11.05"]
[Source "www.chesslib.no"]
[SourceDate "2004.05.04"]

1. Nf3 Nf6 2. g3 g6 3. Bg2 Bg7 4. O-O O-O 5. c4 d6 6. Nc3 e5 7. d4 Nbd7 8. Qc2 Re8 9. Rd1 a6 10. a4 h6 11. b3 e4 12. Nd2 e3 13. fxe3 c5 14. Nf1 Qe7 15. Bb2 h5 16. e4 cxd4 17. Rxd4 h4 18. Rad1 hxg3 19. hxg3 Bf8 20. Rxd6 Qxd6 21. Rxd6 Bxd6 22. Nd5 Nxd5 23. exd5 a5 24. Bd4 Nc5 25. e4 b6 26. Qf2 Nxe4 27. Bxe4 Rxe4 28. Bxb6 Bg4 29. Ne3 Rae8 30. Qf6 Bxg3 31. Kg2 Be5 32. Qc6 Rc8 33. Qb7 Re8 34. Qc6 Rc8 35. Qb5 Rf4 36. Nxg4 Rxg4+ 37. Kf3 Rf4+ 38. Ke2 Kg7 39. Be3 Rh4 40. d6 Rh2+ 41. Kd3 Bf6 42. d7 Rch8 43. c5 R2h3 44. c6 Rg3 45. c7 Rhh3 46. Qc5 Bg5 47. Qxg5 1-0

[Event "5th IECC"]
[Site "Antalya"]
[Date "2004.05.18"]
[Round "4"]
[White "Navara, David"]
[Black "Jobava, Baadur"]
[Result "1-0"]
[WhiteElo "2602"]
[BlackElo "2616"]
[PlyCount "95"]
[EventDate "2004.05.15"]
[Source "Roberto Alvarez"]
[SourceDate "2004.05.31"]

1. d4 Nf6 2. Nf3 g6 3. c4 Bg7 4. Nc3 d6 5. g3 Nbd7 6. Bg2 e5 7. O-O O-O 8. b3 c6 9. e4 a6 10. Re1 exd4 11. Nxd4 Ng4 12. Bb2 Nc5 13. Re2 Ne5 14. Rd2 b5 15. cxb5 axb5 16. Nce2 Qb6 17. h3 b4 18. Nf4 Ba6 19. Rc1 Rfe8 20. Nxc6 Nxc6 21. Bxg7 Kxg7 22. Rxd6 Rad8 23. Rxd8 Rxd8 24. Qc2 Nd7 25. Nd5 Qd4 26. Qxc6 Rc8 27. Nc7 Qd2 28. Bf1 Ne5 29. Qxa6 Rd8 30. Qa7 Rd7 31. Qe3 Qxe3 32. fxe3 Rd2 33. Bg2 Rxa2 34. Nd5 Rb2 35. Nxb4 Rxb3 36. Nc6 Nxc6 37. Rxc6 Rxe3 38. Kf2 Ra3 39. h4 Ra2+ 40. Kf3 Ra3+ 41. Kf4 Ra4 42. Bf1 f5 43. Bc4 fxe4 44. Rc7+ Kh6 45. g4 g5+ 46. hxg5+ Kg6 47. Bf7+ Kg7 48. Bb3+ 1-0

[Event "Mind Sports Games - Blitz Pair"]
[Site "Pechino CINA"]
[Date "2008.10.08"]
[Round "6"]
[White "Zhang Zhong"]
[Black "Matamoros Franco, C."]
[Result "1/2-1/2"]
[WhiteElo "2649"]
[BlackElo "2525"]
[PlyCount "46"]
[EventDate "2008.10.08"]
[Source "www.chesslib.no"]
[SourceDate "2004.05.04"]

1. Nf3 Nf6 2. g3 g6 3. Bg2 Bg7 4. d4 O-O 5. c4 d6 6. Nc3 Nbd7 7. O-O e5 8. dxe5 dxe5 9. Bg5 h6 10. Bxf6 Qxf6 11. Nd2 c6 12. Nde4 Qe7 13. Nd6 Nc5 14. Nxc8 Raxc8 15. Qc2 h5 16. Rad1 Rcd8 17. Rxd8 Rxd8 18. Rd1 a5 19. Rd2 Bf8 20. Qd1 Rxd2 21. Qxd2 Qd6 22. Qxd6 Bxd6 23. Ne4 Nxe4 1/2-1/2

[Event "Bundesliga 9798"]
[Site "Germany"]
[Date "1997.??.??"]
[Round "?.4"]
[White "Vaganian, Rafael A"]
[Black "Gallagher, Joseph G"]
[Result "1/2-1/2"]
[WhiteElo "2640"]
[BlackElo "2525"]
[PlyCount "93"]
[EventDate "1997.10.??"]
[Source "ChessBase"]
[SourceDate "1999.07.01"]

1. Nf3 Nf6 2. c4 g6 3. g3 Bg7 4. Bg2 O-O 5. O-O d6 6. Nc3 e5 7. d4 Nbd7 8. h3 exd4 9. Nxd4 Re8 10. e4 a6 11. Re1 Nc5 12. Qc2 Ne6 13. Nb3 a5 14. a4 c6 15. Be3 Qc7 16. c5 dxc5 17. Nxc5 Nxc5 18. Bxc5 Be6 19. f4 Rad8 20. Qf2 Nd7 21. Be3 f5 22. e5 Bf8 23. Rec1 Bf7 24. Nd5 Qb8 25. Ba7 Qc8 26. Bb6 cxd5 27. Rxc8 Rxc8 28. Kh1 Nc5 29. Rd1 Ne4 30. Qf3 Rc2 31. g4 Rxb2 32. Bd4 Rb4 33. gxf5 gxf5 34. Bf1 Re6 35. Bb5 Rg6 36. Kh2 Rg3 37. Qxg3+ Nxg3 38. Kxg3 Rb3+ 39. Rd3 Rxd3+ 40. Bxd3 Be6 41. Kf3 Bd7 42. Bc2 Kf7 43. Ke3 Ke6 44. Bb6 Bb4 45. Bb3 Bc6 46. Kd3 Be8 47. Kd4 1/2-1/2

[Event "MTO"]
[Site "Biel"]
[Date "2004.07.23"]
[Round "5"]
[White "Rustemov, Alexander"]
[Black "Efimenko, Zahar"]
[Result "1/2-1/2"]
[WhiteElo "2589"]
[BlackElo "2572"]
[PlyCount "60"]
[EventDate "2004.07.19"]
[Source "Roberto Alvarez"]
[SourceDate "2004.08.10"]

1. d4 Nf6 2. Nf3 g6 3. c4 Bg7 4. g3 O-O 5. Bg2 d6 6. Nc3 Nbd7 7. O-O e5 8. h3 exd4 9. Nxd4 Re8 10. b3 Nc5 11. Bb2 c6 12. Qc2 Qe7 13. Rad1 h5 14. b4 Nce4 15. Nxe4 Nxe4 16. Rd3 Bd7 17. Nf3 Bxb2 18. Qxb2 Be6 19. Rc1 d5 20. c5 a5 21. a3 axb4 22. axb4 Ng5 23. Nxg5 Qxg5 24. Rd4 Ra2 25. Qxa2 Qxc1+ 26. Kh2 Bf5 27. e3 Be4 28. Bxe4 Rxe4 29. Rxe4 dxe4 30. Kg2 Qd1 1/2-1/2

[Event "Reykjavik zt 1.3"]
[Site "Reykjavik"]
[Date "2000.09.10"]
[Round "2.3"]
[White "Petursson, Margeir"]
[Black "Hansen, Curt"]
[Result "1/2-1/2"]
[WhiteElo "2544"]
[BlackElo "2613"]
[PlyCount "62"]
[EventDate "2000.09.05"]
[Source "ChessBase"]
[SourceDate "2000.11.21"]

1. c4 e5 2. g3 d6 3. Bg2 g6 4. d4 Nd7 5. Nf3 Bg7 6. O-O Ngf6 7. Nc3 O-O 8. Qc2 exd4 9. Nxd4 Nb6 10. b3 c5 11. Ndb5 a6 12. Na3 Bf5 13. e4 Nxe4 14. Bxe4 Bxe4 15. Nxe4 Bxa1 16. Bg5 f6 17. Bh6 Be5 18. Bxf8 Qxf8 19. Qd2 Qe7 20. Nc2 Rd8 21. Qa5 Na8 22. Re1 f5 23. Nxc5 b6 24. Qd2 bxc5 25. f4 Nc7 26. fxe5 dxe5 27. Rxe5 Rxd2 28. Rxe7 Rxc2 29. Rxc7 Rxa2 30. Rxc5 Rb2 31. Ra5 Rxb3 1/2-1/2

[Event "XIX Czech Open Synthesia Rapid"]
[Site "Pardubice CEC"]
[Date "2008.07.17"]
[Round "9"]
[White "Gajewski, G."]
[Black "Chuprov, D."]
[Result "1/2-1/2"]
[WhiteElo "2575"]
[BlackElo "2577"]
[PlyCount "40"]
[EventDate "2008.07.16"]
[Source "www.chesslib.no"]
[SourceDate "2004.05.04"]

1. d4 Nf6 2. c4 g6 3. g3 Bg7 4. Bg2 O-O 5. Nc3 d6 6. Nf3 Nbd7 7. O-O e5 8. h3 exd4 9. Nxd4 Re8 10. Rb1 c6 11. b3 Nc5 12. Bb2 a5 13. Qd2 Nfe4 14. Nxe4 Nxe4 15. Qc2 Qe7 16. Rbd1 Bd7 17. e3 a4 18. bxa4 Nc5 19. Nb3 Bf5 20. Qd2 Bxb2 1/2-1/2

[Event "SLO-chT"]
[Site "Celje"]
[Date "2003.11.22"]
[Round "8"]
[White "Ribli, Zoltan"]
[Black "Stevic, Hrvoje"]
[Result "1-0"]
[WhiteElo "2593"]
[BlackElo "2555"]
[PlyCount "45"]
[EventDate "2003.11.17"]
[Source "Roberto Alvarez"]
[SourceDate "2003.11.24"]

1. c4 Nf6 2. Nf3 g6 3. g3 Bg7 4. Bg2 O-O 5. Nc3 d6 6. O-O e5 7. d4 Nbd7 8. h3 a6 9. dxe5 dxe5 10. Be3 c6 11. Qb3 Qe7 12. Rfd1 Rb8 13. Rac1 Kh8 14. a3 Ne8 15. Qb4 Qxb4 16. axb4 f5 17. Rc2 h6 18. b5 e4 19. Nd4 Ne5 20. Na4 g5 21. Nc5 f4 22. Bxe4 fxe3 23. fxe3 1-0

[Event "III President's Cup"]
[Site "Baku AZE"]
[Date "2008.05.19"]
[Round "8"]
[White "Guliev, Sarh"]
[Black "Jobava, Ba"]
[Result "0-1"]
[WhiteElo "2487"]
[BlackElo "2658"]
[PlyCount "54"]
[EventDate "2008.05.12"]
[Source "www.chesslib.no"]
[SourceDate "2004.05.04"]

1. d4 Nf6 2. c4 g6 3. Nc3 Bg7 4. Nf3 O-O 5. g3 d6 6. Bg2 Nbd7 7. O-O e5 8. Qc2 c6 9. h3 Re8 10. e4 exd4 11. Nxd4 Nb6 12. b3 d5 13. exd5 cxd5 14. Rd1 dxc4 15. Ba3 Bd7 16. Ncb5 cxb3 17. Qxb3 Ne4 18. Bxe4 Rxe4 19. Nd6 Rxd4 20. Nxf7 Be6 21. Qxe6 Rxd1+ 22. Kh2 Qd7 23. Nh6+ Kh8 24. Nf7+ Qxf7 25. Qxf7 Rd7 26. Be7 Bxa1 27. a4 Nd5 0-1

[Event "Elenite"]
[Site "Elenite"]
[Date "1992.??.??"]
[Round "7"]
[White "Skembris, Spyridon"]
[Black "Sokolov, Ivan"]
[Result "1/2-1/2"]
[WhiteElo "2520"]
[BlackElo "2625"]
[PlyCount "66"]
[EventDate "1992.??.??"]
[Source "ChessBase"]

1. d4 Nf6 2. Nf3 g6 3. c4 Bg7 4. Nc3 O-O 5. g3 d6 6. Bg2 Nbd7 7. O-O e5 8. b3 Re8 9. h3 a6 10. e4 b5 11. dxe5 dxe5 12. Qe2 c6 13. Rd1 Qe7 14. Bb2 Bb7 15. a3 Rad8 16. b4 Nb6 17. Nd2 Bh6 18. c5 Rxd2 19. Rxd2 Bxd2 20. Qxd2 Nc4 21. Qc2 Rd8 22. Rd1 Nxb2 23. Qxb2 Nh5 24. Kh2 Bc8 25. Rxd8+ Qxd8 26. Ne2 Qc7 27. Qd2 Be6 28. h4 Ng7 29. Ng1 f6 30. Bf3 Qe7 31. Bd1 Bc4 32. Bg4 Be6 33. Bd1 Bc4 1/2-1/2

[Event "IND-ROW m"]
[Site "Bali"]
[Date "1999.05.04"]
[Round "3"]
[White "Adianto, Utut"]
[Black "Van den Doel, Erik"]
[Result "1-0"]
[WhiteElo "2607"]
[BlackElo "2535"]
[PlyCount "67"]
[EventDate "1999.05.??"]
[Source "ChessBase"]
[SourceDate "1999.08.01"]

1. d4 Nf6 2. c4 g6 3. Nf3 Bg7 4. g3 O-O 5. Bg2 d6 6. O-O Nbd7 7. Nc3 e5 8. h3 a6 9. e4 exd4 10. Nxd4 Re8 11. Re1 Rb8 12. a4 a5 13. Ndb5 Nc5 14. Bf4 Be6 15. e5 dxe5 16. Bxe5 Qxd1 17. Raxd1 c6 18. Nc7 Bxc4 19. Nxe8 Rxe8 20. Bd4 Ne6 21. Bxf6 Bxf6 22. Ne4 Be7 23. Nd6 Bxd6 24. Rxd6 Bb3 25. Re5 Ra8 26. Rd7 Bxa4 27. Rxb7 Rd8 28. Rxa5 Bb5 29. Raa7 Rf8 30. h4 Nc5 31. Rc7 Nd3 32. Bxc6 Bxc6 33. Rxc6 Nxb2 34. Rcc7 1-0

[Event "Acropolis MI"]
[Site "?"]
[Date "2004.12.06"]
[Round "3.5"]
[White "Banikas Hristos"]
[Black "Kotronias Vasilios"]
[Result "1/2-1/2"]
[WhiteElo "2538"]
[BlackElo "2599"]
[PlyCount "21"]
[EventDate "2004.??.??"]
[Source "www.chesslib.no"]
[SourceDate "2004.05.04"]

1. d4 Nf6 2. c4 g6 3. g3 Bg7 4. Bg2 O-O 5. Nc3 d6 6. Nf3 Nbd7 7. O-O e5 8. b3 c6 9. Qc2 Re8 10. e3 Nf8 11. dxe5 1/2-1/2

[Event "EU-chT (Men)"]
[Site "Pula"]
[Date "1997.??.??"]
[Round "4"]
[White "Anastasian, Ashot"]
[Black "Sutovsky, Emil"]
[Result "1-0"]
[WhiteElo "2575"]
[BlackElo "2560"]
[PlyCount "101"]
[EventDate "1997.05.05"]
[Source "ChessBase"]

1. Nf3 Nf6 2. c4 g6 3. g3 Bg7 4. Bg2 d6 5. d4 O-O 6. O-O Nbd7 7. Nc3 e5 8. h3 exd4 9. Nxd4 Nb6 10. b3 c5 11. Nc2 Be6 12. Bb2 d5 13. Nxd5 Nfxd5 14. Bxg7 Kxg7 15. cxd5 Bxd5 16. e4 Bc6 17. Qb1 Re8 18. Ne3 Qd4 19. Rd1 Bxe4 20. Qc1 Qf6 21. Ng4 Qc6 22. Qf4 Re6 23. Ne5 Qc7 24. Rd7 Nxd7 25. Qxf7+ Kh8 26. Qxe6 Bxg2 27. Nxd7 Bc6 28. Ne5 Re8 29. Qf6+ Qg7 30. Qxg7+ Kxg7 31. Nxc6 bxc6 32. Kf1 Rd8 33. Ke2 Kf6 34. Rc1 Rd5 35. Rc4 Ke6 36. Re4+ Kd6 37. Ke3 Rf5 38. g4 Rf7 39. f4 Rb7 40. f5 gxf5 41. gxf5 Rb4 42. Kf3 a5 43. Re3 a4 44. f6 Rb7 45. Kf4 axb3 46. axb3 Ra7 47. Kf5 c4 48. Re6+ Kc5 49. bxc4 Ra3 50. Re4 Kd6 51. c5+ 1-0

[Event "Sofia"]
[Site "?"]
[Date "1991.??.??"]
[Round "?"]
[White "Georgiev, Kir"]
[Black "Spasov, V."]
[Result "0-1"]
[WhiteElo "2585"]
[BlackElo "2550"]
[PlyCount "110"]
[EventDate "1991.??.??"]
[Source "ChessBase"]
[SourceDate "1992.02.01"]

1. d4 Nf6 2. c4 g6 3. Nf3 Bg7 4. g3 O-O 5. Bg2 d6 6. O-O Nbd7 7. Nc3 e5 8. h3 exd4 9. Nxd4 Re8 10. e4 Nc5 11. Re1 Bd7 12. Rb1 Qc8 13. g4 h5 14. f3 c6 15. Be3 hxg4 16. hxg4 Qc7 17. Qd2 Rad8 18. Rbd1 Bc8 19. b3 a6 20. Rc1 a5 21. a3 Nfd7 22. Nce2 Ne5 23. Nf4 Bxg4 24. fxg4 Nxg4 25. b4 axb4 26. axb4 Nxe4 27. Qe2 Nxe3 28. Qxe3 d5 29. Nde2 Nd6 30. Qc5 dxc4 31. Rcd1 Re5 32. Qf2 Nf5 33. Bf3 Rde8 34. Ng2 Ne3 35. Nxe3 Rxe3 36. Kf1 Qe7 37. Ng1 Bd4 38. Rxe3 Bxe3 39. Qb2 Qg5 40. Bg2 Bxg1 41. Kxg1 Qg4 42. Rd4 Qg3 43. Rd1 Re1+ 44. Rxe1 Qxe1+ 45. Bf1 Qg3+ 46. Bg2 Qe3+ 47. Kf1 c3 48. Qc2 Qf4+ 49. Ke2 Qxb4 50. Kd3 Qd6+ 51. Kxc3 Qc5+ 52. Kd3 Qxc2+ 53. Kxc2 f5 54. Kd3 Kf7 55. Kd4 Kf6 0-1

[Event "FRA-ch Haute"]
[Site "Vichy"]
[Date "2000.08.23"]
[Round "8"]
[White "Dorfman, Josif D"]
[Black "Nataf, Igor Alexandre"]
[Result "1-0"]
[WhiteElo "2600"]
[BlackElo "2526"]
[PlyCount "82"]
[EventDate "2000.08.15"]
[Source "ChessBase"]
[SourceDate "2000.11.21"]

1. c4 Nf6 2. Nc3 g6 3. g3 Bg7 4. Bg2 O-O 5. d4 d6 6. Nf3 Nbd7 7. O-O e5 8. e3 c6 9. a4 a5 10. b3 Re8 11. Ba3 exd4 12. exd4 Nf8 13. Ra2 Bf5 14. d5 c5 15. Nb5 h6 16. Bc1 g5 17. h4 g4 18. Ne1 Ng6 19. Nd3 Nh5 20. Re2 Qd7 21. Rfe1 Rxe2 22. Rxe2 Nf6 23. Nf4 b6 24. Ne6 Bh8 25. Bxh6 Re8 26. Ng5 Ne5 27. Re3 Nh5 28. Ne4 Bxe4 29. Rxe4 f5 30. Re1 Qe7 31. Bd2 Bg7 32. Qc2 Rf8 33. Bc3 Qd7 34. Kh1 f4 35. Bxe5 dxe5 36. Qg6 Qf7 37. Be4 Qxg6 38. Bxg6 fxg3 39. Bxh5 Rxf2 40. Bxg4 Rd2 41. Re2 Rd3 1-0